Development of polycaprolactone microcarrier with surface treatment using ultraviolet/ozone system /
محفوظ في:
| المؤلف الرئيسي: | |
|---|---|
| التنسيق: | أطروحة |
| اللغة: | English |
| منشور في: |
Kuala Lumpur :
Kulliyyah of Engineering, International Islamic University Malaysia,
2018
|
| الموضوعات: | |
| الوصول للمادة أونلاين: | http://studentrepo.iium.edu.my/handle/123456789/10757 |
| الوسوم: |
إضافة وسم
لا توجد وسوم, كن أول من يضع وسما على هذه التسجيلة!
|
| LEADER | 011830000a22002650004500 | ||
|---|---|---|---|
| 008 | 180503s2018 my a f m 000 0 eng d | ||
| 040 | |a UIAM |b eng |e rda | ||
| 041 | |a eng | ||
| 043 | |a a-my--- | ||
| 100 | 0 | |a Nurhusna Samsudin, |e author | |
| 245 | 1 | |a Development of polycaprolactone microcarrier with surface treatment using ultraviolet/ozone system / |c by Nurhusna binti Samsudin | |
| 264 | 1 | |a Kuala Lumpur : |b Kulliyyah of Engineering, International Islamic University Malaysia, |c 2018 | |
| 300 | |a xx, 166 leaves : |b illustrations ; |c 30cm. | ||
| 336 | |2 rdacontent |a text | ||
| 347 | |2 rdaft |a text file |b PDF | ||
| 502 | |a Thesis (Ph.D)--International Islamic University Malaysia, 2018. | ||
| 504 | |a Includes bibliographical references (leaves 143-154). | ||
| 596 | |a 1 | ||
| 655 | 7 | |a Theses, IIUM local | |
| 690 | |a Dissertations, Academic |x Kulliyyah of Engineering |z IIUM | ||
| 710 | 2 | |a International Islamic University Malaysia. |b Kulliyyah of Engineering | |
| 856 | 4 | |u http://studentrepo.iium.edu.my/handle/123456789/10757 | |
| 900 | |a sz to asbh | ||
| 999 | |c 439788 |d 471608 | ||
| 952 | |0 0 |6 XX(548185.1) |7 5 |9 762052 |a IIUM |b IIUM |g 0.00 |o XX(548185.1) |p 11100431077 |r 1900-01-02 |t 1 |v 0.00 |y THESIS | ||
